| 000 | 00000nam##2200000za#4500 |
| 001 | 9.597825 |
| 003 | CaOODSP |
| 005 | 20210624204233 |
| 007 | cr ||||||||||| |
| 008 | 150406|2004||||xxc|||||o f|0| 0 fre|d |
| 040 | |aCaOODSP|bfre |
| 043 | |an-cn--- |
| 086 | 1 |aTU3-5/04-7F-PDF |
| 110 | 2 |aBureau de la sécurité des transports du Canada. |
| 245 | 10|aRupture en vol de l'hélicoptère Robinson R22 C-FILW exploité par Bear Creek Contracting Ltd à Kumealon Inlet (Colombie-Britannique), le 20 février 2004 |h[ressource électronique] |
| 260 | |aGatineau - Québec : |bBureau de la sécurité des transports du Canada |c[2004]. |
| 300 | |a7p.|bphotographies |
| 490 | 1 |aRapport d'enquête aéronautique |vA04P0033 |
| 590 | |a10-05-Supp|b2010-07-20 |
| 691 | 07|aAccident d'avion|2gcpds |
| 775 | 08|tIn-flight breakup - Bear Creek Contracting Ltd. Robinson R22 (Helicopter) C-FILW, Kumealon Inlet, British Columbia, 20 February 2004 |w(CaOODSP)9.566308 |
| 830 | #0|aRapport d'enquête aéronautique ;|vA04P0033|w(CaOODSP)9.501229 |
| 856 | 40|ahttp://publications.gc.ca|qPDF|s142 Ko|uhttps://publications.gc.ca/collections/collection_2009/bst-tsb/TU3-5-04-7F.pdf|yA04P0033 |